000 00551nam a2200193Ia 4500
003 GCL
008 140319s9999 xx 000 0 ara d
040 _aGCL /
_cGCL
082 0 4 _aط
_b813.02
_bد م
100 1 _aاحمد نجيب
245 1 0 _aالقصص الحديدى /
_cاحمد نجيب
260 _a[S.N] :
_bدار المعارف ،
_c1987
300 _a16 ص
490 _aمغامرات موجة البحر
_v0
650 0 4 _aقصص البطولات
650 0 4 _aالاطفال
650 0 4 _aقصص الاطفال
942 _2ddc
_cBK
999 _c34737
_d34737